Die größten europäischen Binnenstaaten - Sudden Death - Statistiken

Allgemein
  • Dieses Quiz wurde 184 mal gespielt
  • Das Durchschnittsergebnis liegt bei 6 aus 8
Answers on the Grid
Answers color-coded by a green-red scale on the quiz's grid according to % correct below.
Belarus🇧🇾
Ungarn🇭🇺
Österreich🇦🇹
Tschechien🇨🇿
Serbien🇷🇸
Slowakei🇸🇰
Moldau🇲🇩
Schweiz🇨🇭
Andorra🇦🇩
Liechtenstein🇱🇮
Luxemburg🇱🇺
Vatikanstadt🇻🇦
San Marino🇸🇲
Kosovo🇽🇰
Nordmazedonien🇲🇰
Armenien🇦🇲
 
Antwortstatistiken
Antwort % Korrekt
Österreich🇦🇹
82%
Ungarn🇭🇺
80%
Belarus🇧🇾
77%
Tschechien🇨🇿
77%
Schweiz🇨🇭
76%
Serbien🇷🇸
75%
Slowakei🇸🇰
66%
Moldau🇲🇩
36%
Keine übereinstimmenden Quizze gefunden
Verteilung der Resultate
Anzahl Personen mit jedem Resultat
Perzentil nach korrekt beantworteten Fragen
Ihre Resultats-Entwicklung
Sie haben dieses Quiz noch nicht gespielt